Catalog

Record Details

Catalog Search



Defiant : growing up in the Jim Crow South / Wade ... Read More

Hudson, Wade,(author.).

Available copies

  • 2 of 2 copies available at LARL/NWRL Consortium.
  • 2 of 2 copies available at Lake Agassiz Regional Library. (Show preferred library)

Current holds

0 current holds with 2 total copies.

Show All Copies
Location Call Number / Copy Notes Barcode Shelving Location Status Due Date
Bagley Public Library J 921 HUD (Text) 33500013498480 Main Available -
Moorhead Public Library J 921 HUD (Text) 33500013498472 Main Available -

Record details

  • ISBN: 9780593126356
  • ISBN: 0593126351
  • ISBN: 9780593126363
  • ISBN: 059312636X
  • ISBN: 9780593126387
  • ISBN: 0593126386
  • Physical Description: xi, 258 pages ; 22 cm
  • Edition: First edition.
  • Publisher: New York : Crown Books for Young Readers, [2021]

Content descriptions

Bibliography, etc. Note:
Includes bibliographical references (page 255).
Formatted Contents Note:
Defiant dreams -- Civil rights and protests -- The ... Read More
Summary, etc.:
"The memoir of Wade Hudson, a Black man and Civil ... Read More
Target Audience Note:
Ages 10+ Crown Books for Young Readers
Grades 4-6 Crown Books for Young Readers
Subject: Hudson, Wade > Juvenile literature.
Civil rights workers > Louisiana > Biography > Juvenile literature.
African American boys > Louisiana > Biography > Juvenile literature.
African Americans > Louisiana > Social life and customs > 20th century > Juvenile literature.
Civil rights movements > United States > Juvenile literature.
Coming of age > Juvenile literature.
Mansfield (La.) > Biography > Juvenile literarure.
Hudson, Wade.
Civil rights workers.
African American boys.
African Americans > Social life and customs > 20th century.
Civil rights movements.
Coming of age.
Mansfield (La.)
JUVENILE NONFICTION / Biography & Autobiography / Social Activists.
JUVENILE NONFICTION / People & Places / United States / African American & Black.
JUVENILE NONFICTION / Social Topics / Prejudice & Racism.
Genre: Autobiographies.
LDR 03378cam a2200637Ii 4500
001378616
003LARL_NWRL_CONSORTIUM
00520211029161421.0
008211005s2021 nyu j b 000 0aeng
010 . ‡a 2021021762
040 . ‡aDLC ‡beng ‡erda ‡cFMG ‡dFMG ‡dOCLCO ‡dJAO ‡dTCH
020 . ‡a9780593126356 ‡q(hardcover)
020 . ‡a0593126351 ‡q(hardcover)
020 . ‡a9780593126363 ‡q(library binding)
020 . ‡a059312636X ‡q(library binding)
020 . ‡a9780593126387 ‡q(trade paperback)
020 . ‡a0593126386 ‡q(trade paperback)
035 . ‡a(OCoLC)1236090474 ‡z(OCoLC)1273422364
043 . ‡an-us-la ‡an-us---
08200. ‡a323.092 ‡aB ‡223
1001 . ‡aHudson, Wade, ‡eauthor. ‡0(LARL_NWRL_CONSORTIUM)107223
24510. ‡aDefiant : ‡bgrowing up in the Jim Crow South / ‡cWade Hudson.
24630. ‡aGrowing up in the Jim Crow South
250 . ‡aFirst edition.
264 1. ‡aNew York : ‡bCrown Books for Young Readers, ‡c[2021]
300 . ‡axi, 258 pages ; ‡c22 cm
336 . ‡atext ‡btxt ‡2rdacontent
337 . ‡aunmediated ‡bn ‡2rdamedia
338 . ‡avolume ‡bnc ‡2rdacarrier
520 . ‡a"The memoir of Wade Hudson, a Black man and Civil Rights activist who came of age in the 1960s at the height of the Civil Rights Movement"-- ‡cProvided by publisher.
504 . ‡aIncludes bibliographical references (page 255).
5050 . ‡aDefiant dreams -- Civil rights and protests -- The Mary Street boys -- The beginning -- Starting a family -- Mischief -- Preschool at Miss Lizzie B's -- Hello, DeSoto Parish Training School -- The other Mansfield -- Making the grades -- TV, radio, and rock and roll -- Family crisis -- A team of our own -- Churchgoing time -- A new school -- An incident to remember -- The wedding of the year -- This little light of mine -- A new DeSoto -- The playwright -- The end of baseball -- Awakening -- Last year -- Graduation -- Goodbyes -- Moving on -- Joining the struggle -- Paying the cost -- Afterword.
521 . ‡aAges 10+ ‡bCrown Books for Young Readers
521 . ‡aGrades 4-6 ‡bCrown Books for Young Readers
60010. ‡aHudson, Wade ‡vJuvenile literature.
650 0. ‡aCivil rights workers ‡zLouisiana ‡vBiography ‡vJuvenile literature.
650 0. ‡aAfrican American boys ‡zLouisiana ‡vBiography ‡vJuvenile literature.
650 0. ‡aAfrican Americans ‡zLouisiana ‡xSocial life and customs ‡y20th century ‡vJuvenile literature.
650 0. ‡aCivil rights movements ‡zUnited States ‡vJuvenile literature.
650 0. ‡aComing of age ‡vJuvenile literature.
651 0. ‡aMansfield (La.) ‡vBiography ‡vJuvenile literarure.
60011. ‡aHudson, Wade. ‡0(LARL_NWRL_CONSORTIUM)107223
650 1. ‡aCivil rights workers. ‡0(LARL_NWRL_CONSORTIUM)16889
650 1. ‡aAfrican American boys. ‡0(LARL_NWRL_CONSORTIUM)38638
650 1. ‡aAfrican Americans ‡xSocial life and customs ‡y20th century.
650 1. ‡aCivil rights movements. ‡0(LARL_NWRL_CONSORTIUM)16888
650 1. ‡aComing of age. ‡0(LARL_NWRL_CONSORTIUM)176261
651 1. ‡aMansfield (La.)
650 7. ‡aJUVENILE NONFICTION / Biography & Autobiography / Social Activists. ‡2bisacsh
650 7. ‡aJUVENILE NONFICTION / People & Places / United States / African American & Black. ‡2bisacsh
650 7. ‡aJUVENILE NONFICTION / Social Topics / Prejudice & Racism. ‡2bisacsh
655 7. ‡aAutobiographies. ‡2lcgft
77608. ‡iOnline version: ‡aHudson, Wade. ‡tDefiant ‡dNew York : Crown Books for Young Readers, [2021] ‡z9780593126370 ‡w(DLC) 2021021763
905 . ‡uvanderl
901 . ‡a378616 ‡b ‡c378616 ‡tbiblio ‡soclc

Additional Resources